000
00321nam a2200133 a 4500
005
20140414093845.0
008
090925s19uu xx 00 eng d
050
_a
VCD 791.43
_b
TWI 19--
100
_a
De Bont, Jan
245
_a
Twister /
_c
Jan de Bont.
650
_a
Motion pictures.
942
_c
AVM
999
_c
109517
_d
109517